[Event "XIX. DBMM Schach"]
[Site "Billerbeck"]
[Date "2019.09.07"]
[Round "5.4"]
[White "Biedekoepper, Robert"]
[Black "Baranowsky, Peter"]
[Result "1-0"]
[WhiteElo "2048"]
[BlackElo "1804"]
[Annotator "pb"]
[PlyCount "45"]
[EventDate "2019.09.??"]
[EventType "team-swiss"]
[EventRounds "7"]
[EventCountry "GER"]
[SourceTitle "XIX. DBMM 2019"]
[Source "FV Schach e.V."]
[SourceDate "2019.09.09"]
[SourceVersion "4"]
[SourceVersionDate "2019.10.16"]
[SourceQuality "1"]
[WhiteTeam "Deutsche Post Bonn"]
[BlackTeam "BA Tempelhof Berlin"]
[WhiteTeamCountry "GER"]
[BlackTeamCountry "GER"]

1. d4 Nf6 2. c4 e6 3. Nc3 Bb4 4. Bg5 O-O 5. f3 d5 6. e3 c5 7. a3 Bxc3+ 8. bxc3
Qa5 9. Qd2 dxc4 10. Bxf6 gxf6 11. Bxc4 Rd8 12. Ra2 Qa4 13. Bd3 Nc6 14. Ne2 Na5
15. Bb1 c4 16. O-O e5 17. Qe1 Qb5 18. Qh4 Kg7 19. Qxh7+ Kf8 20. Qh6+ Ke7 21. f4
Qc6 22. fxe5 fxe5 23. Qg5+ 1-0

[Event "XIX. DBMM Schach"]
[Site "Billerbeck"]
[Date "2019.09.07"]
[Round "5.1"]
[White "Limbourg, Marina"]
[Black "Piepenburg, Rolf"]
[Result "0-1"]
[WhiteElo "2030"]
[BlackElo "1995"]
[Annotator "br"]
[PlyCount "66"]
[EventDate "2019.09.??"]
[EventType "team-swiss"]
[EventRounds "7"]
[EventCountry "GER"]
[SourceTitle "XIX. DBMM 2019"]
[Source "FV Schach e.V."]
[SourceDate "2019.09.09"]
[SourceVersion "4"]
[SourceVersionDate "2019.10.16"]
[SourceQuality "1"]
[WhiteTeam "Vodafone Duesseldorf"]
[BlackTeam "Commerzbank Frankfurt"]
[WhiteTeamCountry "GER"]
[BlackTeamCountry "GER"]

1. e4 Nf6 2. Nc3 d5 3. exd5 Nxd5 4. Bc4 Nb6 5. Bb3 Nc6 6. Nf3 Bf5 7. O-O e6 8.
Qe2 Be7 9. d3 Na5 10. Bf4 O-O 11. Ne4 Nxb3 12. axb3 Nd5 13. Be5 c5 14. h3 a6
15. Bh2 Nb4 16. Ne5 f6 17. Nc4 e5 18. Kh1 b5 19. Ne3 Bg6 20. f4 exf4 21. Bxf4
Re8 22. Qf3 Kh8 23. Qg3 Nd5 24. Nxd5 Qxd5 25. Rae1 Bf8 26. Nd6 Bxd6 27. Bxd6
Rxe1 28. Rxe1 Re8 29. Rxe8+ Bxe8 30. Bf8 Qf7 31. Bxc5 h6 32. Qd6 Qh5 33. Qxa6
Qxc5 0-1

[Event "XIX. DBMM Schach"]
[Site "Billerbeck"]
[Date "2019.09.07"]
[Round "5.2"]
[White "Heuermann, Heinz Burkhard"]
[Black "Hirschberg, Markus"]
[Result "1-0"]
[WhiteElo "1982"]
[BlackElo "1837"]
[Annotator "br"]
[PlyCount "65"]
[EventDate "2019.09.??"]
[EventType "team-swiss"]
[EventRounds "7"]
[EventCountry "GER"]
[SourceTitle "XIX. DBMM 2019"]
[Source "FV Schach e.V."]
[SourceDate "2019.09.09"]
[SourceVersion "4"]
[SourceVersionDate "2019.10.16"]
[SourceQuality "1"]
[WhiteTeam "Commerzbank Frankfurt"]
[BlackTeam "Vodafone Duesseldorf"]
[WhiteTeamCountry "GER"]
[BlackTeamCountry "GER"]

1. Nf3 e6 2. e4 d5 3. e5 c5 4. c3 Nc6 5. d4 Qb6 6. Be2 Nge7 7. dxc5 Qxc5 8. Be3
Qa5 9. Nbd2 Ng6 10. Bd4 a6 11. O-O Qc7 12. Re1 Be7 13. Bd3 Nf4 14. Bf1 Bd7 15.
g3 Ng6 16. Rc1 Rc8 17. h4 Qa5 18. h5 Nf8 19. a4 Nxd4 20. Nxd4 Bxa4 21. Qg4 Rg8
22. Ra1 Qb6 23. Rxa4 Qxb2 24. Nb1 Nd7 25. Bd3 g6 26. Nxe6 fxe6 27. Qxe6 Rf8 28.
Re2 Qc1+ 29. Kg2 Qd1 30. Rd4 Qb3 31. Rb4 Qd1 32. Rxb7 Qa4 33. hxg6 1-0

[Event "XIX. DBMM Schach"]
[Site "Billerbeck"]
[Date "2019.09.07"]
[Round "5.3"]
[White "Hauck, Michael"]
[Black "Brauer, Frank"]
[Result "1-0"]
[WhiteElo "1723"]
[BlackElo "1797"]
[Annotator "fb"]
[PlyCount "55"]
[EventDate "2019.09.??"]
[EventType "team-swiss"]
[EventRounds "7"]
[EventCountry "GER"]
[SourceTitle "XIX. DBMM 2019"]
[Source "FV Schach e.V."]
[SourceDate "2019.09.09"]
[SourceVersion "4"]
[SourceVersionDate "2019.10.16"]
[SourceQuality "1"]
[WhiteTeam "Vodafone Duesseldorf"]
[BlackTeam "Commerzbank Frankfurt"]
[WhiteTeamCountry "GER"]
[BlackTeamCountry "GER"]

1. d4 Nf6 2. c4 c5 3. d5 b5 4. Qc2 g6 5. e4 d6 6. cxb5 a6 7. Nc3 axb5 8. Bxb5+
Bd7 9. Bxd7+ Nbxd7 10. Nf3 Bg7 11. O-O O-O 12. Bd2 Qa5 13. Rfe1 Ng4 14. h3 Nge5
15. Nxe5 Bxe5 16. f4 Bd4+ 17. Kh1 Rfb8 18. a4 Qb4 19. Reb1 Qb3 20. Qd3 Nb6 21.
Ra3 Qc4 22. Qc2 Qa6 23. b3 Bg7 24. Nb5 Qc8 25. Bc3 Bxc3 26. Qxc3 c4 27. Nd4
cxb3 28. Nc6 1-0

[Event "XIX. DBMM Schach"]
[Site "Billerbeck"]
[Date "2019.09.07"]
[Round "5.4"]
[White "Klowski, Bjoern Sigurd"]
[Black "Gurevich, Slavik"]
[Result "1-0"]
[WhiteElo "1624"]
[BlackElo "1799"]
[Annotator "bsk"]
[PlyCount "75"]
[EventDate "2019.09.??"]
[EventType "team-swiss"]
[EventRounds "7"]
[EventCountry "GER"]
[SourceTitle "XIX. DBMM 2019"]
[Source "FV Schach e.V."]
[SourceDate "2019.09.09"]
[SourceVersion "4"]
[SourceVersionDate "2019.10.16"]
[SourceQuality "1"]
[WhiteTeam "Commerzbank Frankfurt"]
[BlackTeam "Vodafone Duesseldorf"]
[WhiteTeamCountry "GER"]
[BlackTeamCountry "GER"]

1. e4 e5 2. Nf3 Nc6 3. Bc4 Nf6 4. d3 Be7 5. c3 Na5 6. Nxe5 Nxc4 7. Nxc4 b5 8.
Ne3 Bb7 9. O-O O-O 10. Nd2 d5 11. e5 Nd7 12. d4 c5 13. f4 f5 14. Rf3 Qb6 15.
Ndf1 cxd4 16. cxd4 b4 17. b3 a5 18. Bb2 h6 19. Rc1 Qe6 20. Rg3 Bh4 21. Rh3 g5
22. g3 g4 23. Rxh4 Kh7 24. Qd3 Ba6 25. Qc2 Rac8 26. Qg2 Nb6 27. Rh5 Bd3 28. Nd2
a4 29. Rc5 Kg6 30. Rh4 Rfd8 31. h3 h5 32. hxg4 fxg4 33. Qh2 Rh8 34. Qh1 a3 35.
Ba1 Rxc5 36. dxc5 Nc4 37. bxc4 dxc4 38. Ndxc4 1-0

[Event "XIX. DBMM Schach"]
[Site "Billerbeck"]
[Date "2019.09.07"]
[Round "5.1"]
[White "Boerger, Andreas"]
[Black "Blum, Norbert"]
[Result "0-1"]
[WhiteElo "1768"]
[BlackElo "1965"]
[Annotator "br"]
[PlyCount "84"]
[EventDate "2019.09.??"]
[EventType "team-swiss"]
[EventRounds "7"]
[EventCountry "GER"]
[SourceTitle "XIX. DBMM 2019"]
[Source "FV Schach e.V."]
[SourceDate "2019.09.09"]
[SourceVersion "4"]
[SourceVersionDate "2019.10.16"]
[SourceQuality "1"]
[WhiteTeam "Westf. Provinzial-Versicherung Muenster"]
[BlackTeam "Sparkassen-Vers. Stuttgart"]
[WhiteTeamCountry "GER"]
[BlackTeamCountry "GER"]

1. c4 Nf6 2. Nc3 d5 3. cxd5 Nxd5 4. g3 Nb6 5. Bg2 g6 6. Nf3 Bg7 7. d3 O-O 8.
O-O Nc6 9. Bd2 e5 10. Qc1 Re8 11. Bh6 Bh8 12. Ne4 Nd4 13. Nxd4 exd4 14. f4 Nd5
15. Rf2 Ne3 16. h3 Be6 17. g4 Nxg2 18. Kxg2 Bd5 19. f5 Qe7 20. Kh2 Bxe4 21.
dxe4 Qxe4 22. Bf4 c6 23. Qc4 Be5 24. Bg3 Qe3 25. Rf3 Qxe2+ 26. Qxe2 Bxg3+ 27.
Kxg3 Rxe2 28. fxg6 fxg6 29. b4 Rae8 30. Rd1 R8e4 31. a3 g5 32. Rdd3 b6 33. Rf5
R4e3+ 34. Rf3 Rxd3 35. Rxd3 c5 36. Kf3 Rh2 37. Ke4 Rc2 38. bxc5 bxc5 39. Rb3
Rc3 40. Rb8+ Kf7 41. Rb7+ Ke6 42. Rxa7 Re3# 0-1

[Event "XIX. DBMM Schach"]
[Site "Billerbeck"]
[Date "2019.09.07"]
[Round "5.2"]
[White "Marten, Gero"]
[Black "Gerighausen, Karl Heinz"]
[Result "1/2-1/2"]
[WhiteElo "2008"]
[BlackElo "1830"]
[Annotator "br"]
[PlyCount "55"]
[EventDate "2019.09.??"]
[EventType "team-swiss"]
[EventRounds "7"]
[EventCountry "GER"]
[SourceTitle "XIX. DBMM 2019"]
[Source "FV Schach e.V."]
[SourceDate "2019.09.09"]
[SourceVersion "4"]
[SourceVersionDate "2019.10.16"]
[SourceQuality "1"]
[WhiteTeam "Sparkassen-Vers. Stuttgart"]
[BlackTeam "Westf. Provinzial-Versicherung Muenster"]
[WhiteTeamCountry "GER"]
[BlackTeamCountry "GER"]

1. e4 c5 2. Be2 g6 3. f4 Bg7 4. Nf3 e6 5. O-O d5 6. d3 Nc6 7. c3 Nge7 8. Be3 b6
9. Na3 O-O 10. Nc2 e5 11. fxe5 dxe4 12. dxe4 Bg4 13. e6 Bxe6 14. Qc1 Ne5 15.
Nxe5 Bxe5 16. Bh6 Bg7 17. Bxg7 Kxg7 18. Qf4 Ng8 19. Qe5+ Kh6 20. Ne3 Qg5 21.
Nf5+ Bxf5 22. exf5 Rfe8 23. Qd5 Rad8 24. Qf3 Re3 25. h4 Qe7 26. Qf4+ Kg7 27.
Bf3 Qe5 28. Qxe5+ 1/2-1/2

[Event "XIX. DBMM Schach"]
[Site "Billerbeck"]
[Date "2019.09.07"]
[Round "5.3"]
[White "Kuestermann, Dieter"]
[Black "Wirth, Volker"]
[Result "0-1"]
[WhiteElo "1810"]
[BlackElo "1759"]
[Annotator "br"]
[PlyCount "82"]
[EventDate "2019.09.??"]
[EventType "team-swiss"]
[EventRounds "7"]
[EventCountry "GER"]
[SourceTitle "XIX. DBMM 2019"]
[Source "FV Schach e.V."]
[SourceDate "2019.09.09"]
[SourceVersion "4"]
[SourceVersionDate "2019.10.16"]
[SourceQuality "1"]
[WhiteTeam "Westf. Provinzial-Versicherung Muenster"]
[BlackTeam "Sparkassen-Vers. Stuttgart"]
[WhiteTeamCountry "GER"]
[BlackTeamCountry "GER"]

1. e4 c5 2. Nf3 Nc6 3. d4 cxd4 4. Nxd4 d6 5. Nc3 e6 6. Be2 Be7 7. O-O Nf6 8.
Be3 a6 9. a4 O-O 10. Bd3 Nxd4 11. Bxd4 Qc7 12. a5 Bd7 13. Bb6 Qc8 14. f4 e5 15.
fxe5 dxe5 16. Nd5 Bc5+ 17. Bxc5 Qxc5+ 18. Kh1 Nxd5 19. exd5 f5 20. c4 e4 21.
Be2 Qe3 22. Ra3 Qc5 23. Qd2 Qd6 24. b4 f4 25. Qd4 Rae8 26. c5 Qh6 27. Qc4 Kh8
28. c6 bxc6 29. dxc6 Bxc6 30. Rh3 Qf6 31. Qb3 Qf5 32. Rc3 Bb5 33. Bc4 Bxc4 34.
Qxc4 Rc8 35. Qb3 Rxc3 36. Qxc3 Rc8 37. Qd4 h6 38. h3 f3 39. gxf3 Qxh3+ 40. Kg1
Qg3+ 41. Kh1 Rc2 0-1

[Event "XIX. DBMM Schach"]
[Site "Billerbeck"]
[Date "2019.09.07"]
[Round "5.4"]
[White "Brethauer, Tim"]
[Black "Keller, Hansjuergen"]
[Result "0-1"]
[WhiteElo "1641"]
[BlackElo "1753"]
[Annotator "br"]
[PlyCount "100"]
[EventDate "2019.09.??"]
[EventType "team-swiss"]
[EventRounds "7"]
[EventCountry "GER"]
[SourceTitle "XIX. DBMM 2019"]
[Source "FV Schach e.V."]
[SourceDate "2019.09.09"]
[SourceVersion "4"]
[SourceVersionDate "2019.10.16"]
[SourceQuality "1"]
[WhiteTeam "Sparkassen-Vers. Stuttgart"]
[BlackTeam "Westf. Provinzial-Versicherung Muenster"]
[WhiteTeamCountry "GER"]
[BlackTeamCountry "GER"]

1. e4 c5 2. Nf3 Nc6 3. d4 cxd4 4. Nxd4 Nf6 5. Nc3 g6 6. Be3 Bg7 7. Qd2 Qa5 8.
O-O-O Ng4 9. Bc4 Nxe3 10. Qxe3 Nxd4 11. Rxd4 O-O 12. Rd3 d6 13. Nd5 Qd8 14. Qg5
Re8 15. h4 Be6 16. h5 Bxd5 17. Qxd5 e6 18. Qxd6 Qf6 19. e5 Qf4+ 20. Re3 Qxc4
21. hxg6 fxg6 22. Qa3 Qf4 23. Kb1 Qxf2 24. Reh3 h6 25. Qd3 Qf5 26. Qe3 Qxe5 27.
Qxe5 Bxe5 28. Rxh6 Kg7 29. Rh7+ Kf6 30. Rxb7 Reb8 31. Rhh7 Rxb7 32. Rxb7 Rb8
33. Rxb8 Bxb8 34. c4 a5 35. Kc2 Ke5 36. Kd3 Bd6 37. a4 Bc5 38. b3 Kf4 39. g3+
Kxg3 40. Ke4 g5 41. Ke5 Kf3 42. Kxe6 g4 43. Kd5 Bb4 44. c5 Bxc5 45. Kxc5 g3 46.
Kb5 g2 47. Kxa5 g1=Q 48. Kb4 Qe1+ 49. Kb5 Qe2+ 50. Kb4 Qd3 0-1

[Event "XIX. DBMM Schach"]
[Site "Billerbeck"]
[Date "2019.09.07"]
[Round "5.1"]
[White "Bollmann, Laslo"]
[Black "Roitburd, Swetlana"]
[Result "1-0"]
[WhiteElo "1848"]
[BlackElo "1699"]
[Annotator "br"]
[PlyCount "21"]
[EventDate "2019.09.??"]
[EventType "team-swiss"]
[EventRounds "7"]
[EventCountry "GER"]
[SourceTitle "XIX. DBMM 2019"]
[Source "FV Schach e.V."]
[SourceDate "2019.09.09"]
[SourceVersion "4"]
[SourceVersionDate "2019.10.16"]
[SourceQuality "1"]
[WhiteTeam "AGI Frankfurt II"]
[BlackTeam "Vodafone Duesseldorf II"]
[WhiteTeamCountry "GER"]
[BlackTeamCountry "GER"]

1. e4 c6 2. d4 d5 3. Nc3 dxe4 4. Nxe4 Bf5 5. Ng3 Bg6 6. Nf3 h6 7. Ne5 Bh7 8.
Bc4 e6 9. O-O Nf6 10. Qe2 Qxd4 11. Nxf7 1-0

[Event "XIX. DBMM Schach"]
[Site "Billerbeck"]
[Date "2019.09.07"]
[Round "5.1"]
[White "Schneider, Eckehard"]
[Black "Hufnagel, Markus"]
[Result "0-1"]
[WhiteElo "1732"]
[BlackElo "1679"]
[Annotator "br"]
[PlyCount "38"]
[EventDate "2019.09.??"]
[EventType "team-swiss"]
[EventRounds "7"]
[EventCountry "GER"]
[SourceTitle "XIX. DBMM 2019"]
[Source "FV Schach e.V."]
[SourceDate "2019.09.09"]
[SourceVersion "4"]
[SourceVersionDate "2019.10.16"]
[SourceQuality "1"]
[WhiteTeam "BA Tempelhof Berlin II"]
[BlackTeam "Deutsche Bahn Oberhausen"]
[WhiteTeamCountry "GER"]
[BlackTeamCountry "GER"]

1. e4 c5 2. c3 Nc6 3. Nf3 d5 4. exd5 Qxd5 5. d4 e5 6. Be3 cxd4 7. cxd4 exd4 8.
Nxd4 Nf6 9. Nc3 Bb4 10. Nxc6 Bxc3+ 11. bxc3 Qxc6 12. Qc2 O-O 13. Rg1 Bf5 14.
Qb3 Nd5 15. Be2 Nxe3 16. fxe3 Qe4 17. Kf2 Qh4+ 18. Kf1 Rae8 19. c4 Qf6 0-1

[Event "XIX. DBMM Schach"]
[Site "Billerbeck"]
[Date "2019.09.07"]
[Round "5.2"]
[White "Engling, Dirk"]
[Black "Quast, Michael_x2"]
[Result "1/2-1/2"]
[WhiteElo "1662"]
[BlackElo "1806"]
[Annotator "mq"]
[PlyCount "49"]
[EventDate "2019.09.??"]
[EventType "team-swiss"]
[EventRounds "7"]
[EventCountry "GER"]
[SourceTitle "XIX. DBMM 2019"]
[Source "FV Schach e.V."]
[SourceDate "2019.09.09"]
[SourceVersion "4"]
[SourceVersionDate "2019.10.16"]
[SourceQuality "1"]
[WhiteTeam "Deutsche Bahn Oberhausen"]
[BlackTeam "BA Tempelhof Berlin II"]
[WhiteTeamCountry "GER"]
[BlackTeamCountry "GER"]

1. e4 b6 2. d4 Bb7 3. Nc3 e6 4. f4 Bb4 5. e5 Nh6 6. Nf3 Nf5 7. Be2 Nc6 8. a3
Bxc3+ 9. bxc3 Nce7 10. Bd3 g6 11. Kf2 Nd5 12. Qe1 Nh4 13. Be4 Rb8 14. Kg1 Nxf3+
15. Bxf3 h6 16. c4 Ne7 17. Bxb7 Rxb7 18. Qe4 c6 19. a4 Nf5 20. Bd2 d5 21. exd6
Qxd6 22. Bc3 O-O 23. Kf2 Rd7 24. Rad1 Rfd8 25. g4 1/2-1/2

[Event "XIX. DBMM Schach"]
[Site "Billerbeck"]
[Date "2019.09.07"]
[Round "5.3"]
[White "Meseck, Michael"]
[Black "Holdsch, Peter Michael"]
[Result "1/2-1/2"]
[WhiteElo "1593"]
[BlackElo "1634"]
[Annotator "br"]
[PlyCount "130"]
[EventDate "2019.09.??"]
[EventType "team-swiss"]
[EventRounds "7"]
[EventCountry "GER"]
[SourceTitle "XIX. DBMM 2019"]
[Source "FV Schach e.V."]
[SourceDate "2019.09.09"]
[SourceVersion "4"]
[SourceVersionDate "2019.10.16"]
[SourceQuality "1"]
[WhiteTeam "BA Tempelhof Berlin II"]
[BlackTeam "Deutsche Bahn Oberhausen"]
[WhiteTeamCountry "GER"]
[BlackTeamCountry "GER"]

1. d4 e5 2. dxe5 Nc6 3. Nf3 Qe7 4. Bf4 Qb4+ 5. Bd2 Qxb2 6. Nc3 Nb4 7. Nd4 Bc5
8. Rb1 Qa3 9. Ndb5 Qa5 10. e3 c6 11. Nd6+ Bxd6 12. exd6 Nd5 13. Nxd5 Qxd5 14.
Bc3 Qxd1+ 15. Rxd1 f6 16. Be2 Nh6 17. e4 Nf7 18. f4 O-O 19. O-O Kh8 20. Bh5 b6
21. Bxf7 Rxf7 22. e5 Ba6 23. Rfe1 Bc4 24. a3 fxe5 25. Bxe5 Raf8 26. g4 Kg8 27.
f5 h5 28. h3 hxg4 29. hxg4 Bd5 30. Re3 g5 31. Rh3 Rh7 32. Rxh7 Kxh7 33. Rd2 Bf3
34. Rh2+ Kg8 35. Rh5 Kf7 36. Rxg5 Rg8 37. Rxg8 Kxg8 38. g5 Be4 39. f6 Bxc2 40.
Kf2 Kf7 41. Kg3 Kg6 42. Kf4 c5 43. Ke3 b5 44. Kd2 Bf5 45. Bf4 Kf7 46. Be3 b4
47. Bxc5 bxa3 48. Bxa3 Kg6 49. Bc5 a5 50. Kc3 Be6 51. Be3 a4 52. Kb2 Bf7 53.
Ka3 Bb3 54. Kb4 Bc2 55. Bc1 Bd1 56. Kc5 Bf3 57. Kb6 Bd5 58. Kc7 Be6 59. Kd8 Kf7
60. Bb2 Bf5 61. Bc1 Be6 62. Kc7 Bf5 63. Kb6 Be6 64. Kc5 Kg6 65. Kd4 Kf5 1/2-1/2

[Event "XIX. DBMM Schach"]
[Site "Billerbeck"]
[Date "2019.09.07"]
[Round "5.4"]
[White "Grunwald, Guenther"]
[Black "Mahler, Sonja"]
[Result "1-0"]
[WhiteElo "1619"]
[BlackElo "1428"]
[Annotator "br"]
[PlyCount "91"]
[EventDate "2019.09.??"]
[EventType "team-swiss"]
[EventRounds "7"]
[EventCountry "GER"]
[SourceTitle "XIX. DBMM 2019"]
[Source "FV Schach e.V."]
[SourceDate "2019.09.09"]
[SourceVersion "4"]
[SourceVersionDate "2019.10.16"]
[SourceQuality "1"]
[WhiteTeam "Deutsche Bahn Oberhausen"]
[BlackTeam "BA Tempelhof Berlin II"]
[WhiteTeamCountry "GER"]
[BlackTeamCountry "GER"]

1. e4 c6 2. d4 d6 3. Nf3 Qc7 4. Be2 e5 5. O-O h6 6. Nc3 Nf6 7. dxe5 dxe5 8. h3
Bb4 9. Bd2 Be6 10. a3 Be7 11. Bd3 Nh7 12. b4 Qc8 13. Nxe5 Nd7 14. Nf3 Bf6 15.
Re1 Ne5 16. Kh2 g5 17. Ng1 Qc7 18. Kh1 Rd8 19. Qe2 Rg8 20. f4 Nxd3 21. cxd3
gxf4 22. e5 Bg5 23. Nf3 Bf5 24. Ne4 Kf8 25. h4 Be7 26. Bxf4 Be6 27. Bxh6+ Ke8
28. Nfg5 Nxg5 29. Bxg5 Bxg5 30. Nxg5 Rh8 31. g3 Bd5+ 32. Kg1 Kf8 33. Qf2 Qe7
34. Qf6 Rg8 35. Qxe7+ Kxe7 36. Re3 Rg6 37. Nh3 Rg7 38. Nf4 Bb3 39. Kh2 Rh8 40.
Rc1 Ba4 41. d4 Rd8 42. Rd3 Bb5 43. Rd2 Rdg8 44. Rc3 Rd8 45. d5 Kf8 46. d6 1-0

[Event "XIX. DBMM Schach"]
[Site "Billerbeck"]
[Date "2019.09.07"]
[Round "5.1"]
[White "Decker, Ingo"]
[Black "Hartmann, Jens"]
[Result "1-0"]
[WhiteElo "1678"]
[BlackElo "1799"]
[Annotator "br"]
[PlyCount "41"]
[EventDate "2019.09.??"]
[EventType "team-swiss"]
[EventRounds "7"]
[EventCountry "GER"]
[SourceTitle "XIX. DBMM 2019"]
[Source "FV Schach e.V."]
[SourceDate "2019.09.09"]
[SourceVersion "4"]
[SourceVersionDate "2019.10.16"]
[SourceQuality "1"]
[WhiteTeam "SG Airbus Bremen"]
[BlackTeam "Baubehoerde Hamburg II"]
[WhiteTeamCountry "GER"]
[BlackTeamCountry "GER"]

1. e4 e5 2. Nf3 Nc6 3. Bc4 Nf6 4. d3 Be7 5. Nc3 O-O 6. a3 d6 7. b4 a6 8. Nd5
Be6 9. Ng5 Bg4 10. Nxf6+ Bxf6 11. Qxg4 Nd4 12. O-O Nxc2 13. Ra2 Nd4 14. Nf3
Nxf3+ 15. Qxf3 c6 16. Be3 b5 17. Bb3 a5 18. Rc1 axb4 19. axb4 Rxa2 20. Bxa2 Qa8
21. Qe2 1-0

[Event "XIX. DBMM Schach"]
[Site "Billerbeck"]
[Date "2019.09.07"]
[Round "5.2"]
[White "Hoffeins, Hans Werner"]
[Black "Jacobsen, Ruediger"]
[Result "0-1"]
[WhiteElo "1565"]
[BlackElo "1433"]
[Annotator "br"]
[PlyCount "88"]
[EventDate "2019.09.??"]
[EventType "team-swiss"]
[EventRounds "7"]
[EventCountry "GER"]
[SourceTitle "XIX. DBMM 2019"]
[Source "FV Schach e.V."]
[SourceDate "2019.09.09"]
[SourceVersion "4"]
[SourceVersionDate "2019.10.16"]
[SourceQuality "1"]
[WhiteTeam "Baubehoerde Hamburg II"]
[BlackTeam "SG Airbus Bremen"]
[WhiteTeamCountry "GER"]
[BlackTeamCountry "GER"]

1. Nf3 Nf6 2. g3 g6 3. Bg2 Bg7 4. O-O d6 5. d4 O-O 6. c4 c5 7. e3 Nc6 8. Nc3
Rb8 9. h3 Na5 10. Qe2 b6 11. Rd1 Ba6 12. b3 Qc7 13. Bb2 Nc6 14. Nb5 Bxb5 15.
cxb5 Nd8 16. Rac1 Qd7 17. a4 Qe6 18. Nd2 Nd5 19. Nc4 Nb4 20. d5 Qd7 21. Bxg7
Kxg7 22. e4 f6 23. Kh2 Nf7 24. f4 a6 25. bxa6 Nxa6 26. Na3 Nc7 27. Bf1 Rb7 28.
Nb5 Ra8 29. Qb2 Na6 30. e5 fxe5 31. h4 Qf5 32. Bh3 Qh5 33. Rf1 Rf8 34. g4 Qxh4
35. fxe5 Nxe5 36. Rxf8 Kxf8 37. Rf1+ Kg8 38. Qd2 Rb8 39. Qf4 Qf6 40. Qe3 Nxg4+
41. Bxg4 Qxf1 42. Be6+ Kg7 43. Nc3 Rf8 44. Ne4 Qf4+ 0-1

[Event "XIX. DBMM Schach"]
[Site "Billerbeck"]
[Date "2019.09.07"]
[Round "5.3"]
[White "Hueners, Rolf"]
[Black "Lindemann, Thomas"]
[Result "1/2-1/2"]
[WhiteElo "1400"]
[BlackElo "1537"]
[Annotator "br"]
[PlyCount "105"]
[EventDate "2019.09.??"]
[EventType "team-swiss"]
[EventRounds "7"]
[EventCountry "GER"]
[SourceTitle "XIX. DBMM 2019"]
[Source "FV Schach e.V."]
[SourceDate "2019.09.09"]
[SourceVersion "4"]
[SourceVersionDate "2019.10.16"]
[SourceQuality "1"]
[WhiteTeam "SG Airbus Bremen"]
[BlackTeam "Baubehoerde Hamburg II"]
[WhiteTeamCountry "GER"]
[BlackTeamCountry "GER"]

1. d4 d5 2. Nc3 Bf5 3. e3 e6 4. Bd3 Bxd3 5. Qxd3 Nf6 6. Nf3 Bd6 7. O-O O-O 8.
b3 Re8 9. Nb5 Be7 10. Ba3 c6 11. Bxe7 Rxe7 12. Nc3 Nbd7 13. e4 dxe4 14. Nxe4
Nxe4 15. Qxe4 Nf6 16. Qe3 Qd5 17. Rad1 Rae8 18. Rfe1 Qf5 19. c4 Ng4 20. Qd2 f6
21. h3 Nh6 22. d5 exd5 23. Rxe7 Rxe7 24. cxd5 Rd7 25. Qe3 Kf7 26. Qc5 Rxd5 27.
Rxd5 Qxd5 28. Qxa7 Qd1+ 29. Kh2 Qd6+ 30. g3 Qe7 31. Nd2 Nf5 32. Nc4 h5 33. Qa5
Kg6 34. h4 b5 35. Ne3 Nxe3 36. fxe3 Qxe3 37. Qb4 Qf2+ 38. Kh3 Kh6 39. Qc3 Qf1+
40. Kh2 Qe2+ 41. Kg1 Qd1+ 42. Kf2 Qd5 43. a4 Qf5+ 44. Kg2 bxa4 45. bxa4 Qe4+
46. Kf2 Qxa4 47. Qe3+ Kg6 48. Qd3+ Kf7 49. Qd7+ Kg6 50. Qd3+ f5 51. Qd6+ Kf7
52. Qd7+ Kg8 53. Qe8+ 1/2-1/2

[Event "XIX. DBMM Schach"]
[Site "Billerbeck"]
[Date "2019.09.07"]
[Round "5.4"]
[White "Hein, Andrea"]
[Black "Schroeder, Wilfried_x2"]
[Result "1/2-1/2"]
[WhiteElo "1457"]
[BlackElo "1400"]
[Annotator "br"]
[PlyCount "41"]
[EventDate "2019.09.??"]
[EventType "team-swiss"]
[EventRounds "7"]
[EventCountry "GER"]
[SourceTitle "XIX. DBMM 2019"]
[Source "FV Schach e.V."]
[SourceDate "2019.09.09"]
[SourceVersion "4"]
[SourceVersionDate "2019.10.16"]
[SourceQuality "1"]
[WhiteTeam "Baubehoerde Hamburg II"]
[BlackTeam "SG Airbus Bremen"]
[WhiteTeamCountry "GER"]
[BlackTeamCountry "GER"]

1. d4 d5 2. c4 dxc4 3. Qa4+ c6 4. Qxc4 Nf6 5. Nf3 h6 6. e3 Bg4 7. Be2 e6 8. Nc3
a5 9. h3 Bh5 10. O-O Bb4 11. Bd2 Bxc3 12. Bxc3 Ne4 13. Rfd1 b5 14. Qd3 Qd5 15.
a3 O-O 16. Rac1 Rd8 17. Ne5 Bxe2 18. Qxe2 Nd7 19. Qh5 Rf8 20. Qg4 Ndf6 21. Qe2
1/2-1/2